000 01048nam a2200277 i 4500
001 bg
100 1 _aHerbert, Jan.
245 1 0 _aOdpowiedzialność karna pracodawcy za przestępstwa i wykroczenia popełnione na szkodę pracownika /
_cJan Herbert.
260 _aBydgoszcz :
_bOficyna Wydawnicza Ośrodka Postępu Organizacyjnego :
_bTNOiK [Towarzystwo Naukowe Organizacji i Kierownictwa],
_c1998.
300 _a76 s. ;
_c21 cm.
490 1 _aBiblioteka Menedżera i Służby Pracowniczej,
_vz. 102
650 9 _aOdpowiedzialność karna
_xzagadnienia
_zPolska
_ystan na 1998 r.
650 9 _aPrawo pracy
_xzagadnienia
_zPolska
_ystan na 1998 r.
650 9 _aPracodawcy
_xprawo
_xzagadnienia
_zPolska
_ystan na 1998 r.
830 0 _aBiblioteka Menedżera i Służby Pracowniczej
_vz. 102
830 0 _aPrawo Pracy i Ubezpieczeń
020 _a8387636150
040 _cBPK
041 0 _apol
044 _aPOL
080 _a349.2
080 _a343.22
920 _a83-87636-15-0
942 _cKS
008 130116s pl a f |000 0 pol
999 _c53825
_d53825
856 _uhttp://koha.tu.koszalin.pl/cgi-bin/koha/opac-detail.pl?biblionumber=53825
_yKatalog online BPK